| 000 | 00000nam##2200000za#4500 |
| 001 | 9.575610 |
| 003 | CaOODSP |
| 005 | 20210624184739 |
| 007 | cr ||||||||||| |
| 008 | 150406|2008||||xxc|||||o f|0| 0 eng|d |
| 040 | |aCaOODSP|beng |
| 043 | |an-cn--- |
| 086 | 1 |aTU3-5/08-28E-PDF |
| 110 | 2 |aTransportation Safety Board of Canada. |
| 245 | 10|aLanding with nose wheel retracted - Service aérien gouvernemental du Québec, Challenger CL-600-2A12 C-FURG Québec/Jean Lesage International Airport, Québec, 20 March 2008 |h[electronic resource] |
| 260 | |aGatineau - Quebec : |bTransportation Safety Board of Canada |c[2008]. |
| 300 | |a8p.|bcoloured illus. |
| 490 | 1 |aAviation investigation report |vA08Q0055 |
| 590 | |a13-02-Supp|b2013-01-11 |
| 775 | 08|tAtterrissage train avant rentré du Challenger CL-600-2A12 C-FURG exploité par le Service aérien gouvernemental du Québec, à l'aéroport international de Québec/Jean Lesage (Québec), le 20 mars 2008 |w(CaOODSP)9.605107 |
| 830 | #0|aAviation investigation report ;|vA08Q0055|w(CaOODSP)9.504825 |
| 856 | 40|ahttp://publications.gc.ca|qPDF|s220 KB|uhttps://publications.gc.ca/collections/collection_2012/bst-tsb/TU3-5-08-28-eng.pdf|yA08Q0055 |